Les personnages de Ma sorcière bien-aimée par images - Statistiques

Statistiques générales
  • Ce quiz a été pris 36 fois
  • Le résultat moyen est 11 sur 20
Statistiques - réponses
Par images Réponse % Correct
Darrin Stephens
95%
Samantha Stephens
95%
Tabatha Stephens
95%
Endora
86%
Larry Tate
86%
Tante Clara
86%
Adam Stephens
76%
Gladys Kravitz
67%
Louise Tate
67%
Abner Kravitz
62%
Serena
62%
Maurice
52%
Dr. Bombay
48%
Oncle Arthur
43%
Esmeralda
33%
Phyllis Stephens
24%
Frank Stephens
19%
Tante Hagatha
19%
Sheila Sommers
14%
Tante Enchantra
14%
Aucun quiz correspondant
Distribution des résultats
% des personnes avec chaque résultat
Percentile par nombre de réponses
Votre historique - résultats
Vous n’avez pas pris ce quiz